Recent homiletical thought : (Record no. 10787)

MARC details
000 -LEADER
fixed length control field 01067nam a2200313 a 4500
001 - CONTROL NUMBER
control field 282768
003 - CONTROL NUMBER IDENTIFIER
control field OSt
005 - DATE AND TIME OF LATEST TRANSACTION
control field 20210304154320.0
008 - FIXED-LENGTH DATA ELEMENTS--GENERAL INFORMATION
fixed length control field 840511m19671983tnu b 001 0 eng
010 ## - LIBRARY OF CONGRESS CONTROL NUMBER
LC control number 67015948
020 ## - INTERNATIONAL STANDARD BOOK NUMBER
International Standard Book Number 0801056136 (v. 2)
040 ## - CATALOGING SOURCE
Original cataloging agency DLC
Transcribing agency DLC
Modifying agency DLC
050 00 - LIBRARY OF CONGRESS CALL NUMBER
Classification number Z7826
Item number L776R
082 00 - DEWEY DECIMAL CLASSIFICATION NUMBER
Classification number 016.251
Edition number 19
Item number L776R
245 00 - TITLE STATEMENT
Title Recent homiletical thought :
Remainder of title a bibliography.
260 ## - PUBLICATION, DISTRIBUTION, ETC.
Place of publication, distribution, etc. Nashville :
Name of publisher, distributor, etc. Abingdon Press,
Date of publication, distribution, etc. c1967-c1983.
300 ## - PHYSICAL DESCRIPTION
Extent 2 v. ;
Dimensions 23 cm.
500 ## - GENERAL NOTE
General note Vol. 2 has subtitle: An annotated bibliography.
500 ## - GENERAL NOTE
General note Vol. 2 published: Grand Rapids, Mich. : Baker Book House.
500 ## - GENERAL NOTE
General note Includes indexes.
505 0# - FORMATTED CONTENTS NOTE
Formatted contents note [1] 1935-1965 / edited by William Toohey and William D. Thompson -- v. 2. 1966-1979 / edited by A. Duane Litfin and Haddon W. Robinson.
650 #0 - SUBJECT ADDED ENTRY--TOPICAL TERM
Topical term or geographic name entry element Preaching
General subdivision Bibliography.
700 1# - ADDED ENTRY--PERSONAL NAME
Personal name Toohey, William.
700 1# - ADDED ENTRY--PERSONAL NAME
Personal name Thompson, William D.
700 1# - ADDED ENTRY--PERSONAL NAME
Personal name Litfin, A. Duane.
700 1# - ADDED ENTRY--PERSONAL NAME
Personal name Robinson, Haddon W.
906 ## - LOCAL DATA ELEMENT F, LDF (RLIN)
a 7
b cbc
c orignew
d 2
e ocip
f 19
g y-gencatlg
942 ## - ADDED ENTRY ELEMENTS (KOHA)
Source of classification or shelving scheme Dewey Decimal Classification
Koha item type Books
Holdings
Withdrawn status Lost status Source of classification or shelving scheme Damaged status Not for loan Collection code Home library Current library Shelving location Date acquired Total Checkouts Full call number Barcode Date last seen Price effective from Koha item type
    Dewey Decimal Classification     Non-fiction Harvest Mission College Harvest Mission College General Stacks 05.03.2021   016.251 L776R 012601 03.08.2021 03.08.2021 Books

OPAC Designed and Maintained by HMC Library Team.
Copyright © HMC Library,Greater Noida, UP.
For any Suggestions/Query Contact library via Email:libhmc@gmail.com